| 000 | 00000nam##2200000za#4500 |
| 001 | 9.663441 |
| 003 | CaOODSP |
| 005 | 20220901140034 |
| 007 | ta |
| 008 | 150407|2001||||xxc||||| f|0| 0 eng|d |
| 040 | |aCaOODSP|beng |
| 041 | |aeng |
| 041 | |afre |
| 043 | |an-cn--- |
| 086 | 1 |aJ2-179/1-2001-1 |
| 110 | 1 |aCanada.|bJustice Canada. |
| 245 | 10|aCustody, access and child support in Canada : |breport on federal-provincial-territorial consultations: executive summary / |cPrepared by IER Planning, Research and Management Services. |
| 260 | |aOttawa - Ontario : |bJustice Canada |c2001. |
| 300 | |aEnglish text, 10p. ; |c28 cm. |
| 500 | |aPresented to the Federal-Provincial-Territorial Family Law Committee. |
| 546 | |aBilingual |
| 563 | |aSoftcover |
| 590 | |a02-02|b2002-01-11 |
| 690 | 07|aChild custody|2gcpds |
| 690 | 07|aChild support|2gcpds |
| 776 | 0#|tDroits de garde et de visite et pensions alimentaires pour enfants au Canada : |w(CaOODSP)9.642053 |
| 776 | 0#|tCustody, access and child support in Canada : |w(CaOODSP)9.698057 |
| 792 | |tDroits de garde et de visite et pensions alimentaires pour enfants au Canada : |efre|w(CaOODSP)9.663442 |